|
|
|
|
| LEADER |
00000nam a22000007a 4500 |
| 005 |
2021100607427.0 |
| 007 |
cr|||| |||| |
| 008 |
211006s2020 co |||||s|||| 00||0 spa d |
| 020 |
|
|
|a 978-958-774-976-2
|
| 035 |
|
|
|a 35211
|
| 040 |
|
|
|a vLex
|
| 090 |
|
|
|c 12502
|d 12502
|
| 245 |
0 |
0 |
|a Fundamentos de finanzas para ciencias sociales
|h [Recurso electrn̤ico] :
|b Una aproximacin̤ desde la evaluacin̤ de proyectos
|
| 256 |
|
|
|a Servicio en ln̕ea
|
| 260 |
|
|
|a Bogot:̀
|b Universidad de Los Andes (Colombia),
|c 2020
|
| 300 |
|
|
|a 1 recurso electrn̤ico
|
| 506 |
1 |
|
|a Disponible solo en los productos indicados
|d vLex Global
|d vLex Global (Academic Edition, excluding Law Schools)
|d vLex Global (U.S. Academic Edition, Law Schools)
|d vLex Global (U.S. Academic Edition, excluding Law Schools)
|d vLex Global (Academic Edition, Law Schools)
|
| 650 |
0 |
4 |
|a Economa̕ y negocios
|z Colombia
|
| 740 |
0 |
|
|a vLex Libros (Servicio en ln̕ea)
|
| 856 |
4 |
0 |
|u https://app.vlex.com/#/sources/35211
|z Acceso restringido
|
| 942 |
|
|
|c BOOK
|
| 999 |
0 |
|
|a Economy and business
|